000 00613nam a2200229Ia 4500
003 OSt
005 20220928102404.0
006 a|||||r|||| 00| 0
007 ta
008 220927b |||||||| |||| 00| 0 eng d
024 _a63241
037 _cTextual
040 _aSDCL
_cSDCL
_beng
041 _2eng
_aeng
082 _aQ22:224, M0
100 _aVerma Shastri Ramchandera Ed.
_9398020
245 0 _aNaradpuran.
260 _aDelhi
_bDharmgranth Prakashan
_c1980
300 _a157p.
_ccm.
942 _hQ22:224, M0
_cTEXL
_2CC
999 _c713851
_d713851